Paroles - Des bisoux - Philippe Katerine - Statistiques

Statistiques générales
  • Ce quiz a été pris 13 fois
  • Le résultat moyen est 163 sur 202
Statistiques - réponses
Paroles % Correct
bisoux
100%
De
100%
Des
100%
À
90%
ce
90%
J'
90%
s'
90%
se
90%
est
80%
On
80%
on
80%
qu'
80%
Et
70%
Mais
70%
Quand
70%
dit
60%
en
60%
En
60%
faire
60%
60%
la
60%
les
60%
Les
60%
pour
60%
Pour
60%
qui
60%
quoi
60%
Tout
60%
attend
50%
Dans
50%
Au
40%
défonce
40%
fond
40%
gueule
40%
prend
40%
prendre
40%
te
40%
tête
40%
très
40%
veut
40%
cherche
30%
façon
30%
fuck
30%
générale
30%
globalement
30%
insultant
30%
mamans
30%
papas
30%
définitive
20%
magasins
20%
Aucun quiz correspondant
Distribution des résultats
% des personnes avec chaque résultat
Percentile par nombre de réponses
Votre historique - résultats
Vous n’avez pas pris ce quiz